000 01053cai a22001815a 4500
001 L145708
008 081103c xxkao f 000 0 eng d
035 _a(Sirsi) u145708
041 0 _aeng
110 2 _aNational Apartment Association
_95636
245 0 0 _aNational Apartment Association
_h[electronic resource]
520 _aOfficial website for the National Apartment Association (NAA), an association that exists to serve the interests of multi-family housing owners, managers, developers and suppliers and attempts to promote professionalism in the industry to better serve the needs of those in the rented property sector. Website provides information on the Association, education, NAA events and industry resources. Some of the content on the website can only be accessed by members of the NAA.
590 _aKA
651 4 _aUnited States
_y1959-
690 _aPROPERTY-RESIDENTIAL PROPERTY-COMMUNAL RESIDENTIAL PROPERTY
856 4 0 _uhttps://www.naahq.org/Pages/welcome.aspx
_zView the website free of charge at www.naahq.org...
942 _n0
999 _c120719
_d120719